[Event "16th ch-EUR Indiv w 2015"]
[Site "Chakvi GEO"]
[Date "2015.05.29"]
[Round "10.7"]
[White "Kashlinskaya, Alina"]
[Black "Zawadzka, Jolanta"]
[Result "1-0"]
[WhiteTitle "IM"]
[BlackTitle "WGM"]
[WhiteElo "2423"]
[BlackElo "2434"]
[WhiteFideId "4198026"]
[BlackFideId "1122320"]
[EventDate "2015.05.19"]

1. d4 d5 2. c4 e6 3. Nc3 Bb4 4. cxd5 exd5 5. Bf4 c6 6. e3 Bf5 7. Ne2 Nf6 8. Ng3
Bg6 9. h4 h5 10. f3 Nbd7 11. Qb3 Qb6 12. Be2 Nf8 13. O-O Be7 14. Qxb6 axb6 15.
Bg5 Ne6 16. f4 Nxg5 17. hxg5 Nd7 18. Rac1 b5 19. Nxd5 cxd5 20. Rc7 h4 21. Bxb5
Rd8 22. Ne2 h3 23. gxh3 Rxh3 24. Nc3 Be4 25. Nxe4 dxe4 26. Re1 b6 27. Bc6 Rh4
28. Kg2 Bd6 29. Rb7 Ke7 30. Bxe4 Rb8 31. Ra7 Rc8 32. a4 g6 33. Bd5 Rc2+ 34. Kf3
Rh7 35. e4 Bb4 36. Re2 Rc1 37. e5 Rd1 38. Ke4 Rc1 39. Kf3 Kd8 40. Ra8+ Kc7 41.
Be4 Rhh1 42. d5 Rhf1+ 43. Kg3 Rg1+ 44. Kh2 Nc5 45. d6+ Kd7 46. Ra7+ Ke8 47. Bc6+
Kf8 48. Bd5 Rgd1 49. Rxf7+ Ke8 50. Re7+ Kf8 51. Bc6 Rd4 52. Re8+ Kg7 53. e6 Nxe6
54. R8xe6 Bxd6 55. Be4 Bxf4+ 56. Kg2 Rd6 57. Re7+ Kf8 58. Bd5 Rc7 59. Rxc7 Rxd5
60. Rc6 Rxg5+ 61. Kf3 Rf5 62. Kg4 Kf7 63. Rxb6 Bh6 64. b4 Rf4+ 65. Kg3 Rc4 66.
a5 Bf4+ 67. Kg2 Rc3 68. a6 Ra3 69. Rb7+ Kf6 70. a7 Kf5 71. Rb5+ Kg4 72. Ra5 Rg3+
73. Kf1 Rf3+ 74. Rf2 1-0

[Event "16th ch-EUR Indiv w 2015"]
[Site "Chakvi GEO"]
[Date "2015.05.29"]
[Round "10.8"]
[White "Gaponenko, Inna"]
[Black "Ushenina, Anna"]
[Result "1-0"]
[WhiteTitle "IM"]
[BlackTitle "GM"]
[WhiteElo "2391"]
[BlackElo "2467"]
[WhiteFideId "14101181"]
[BlackFideId "14110911"]
[EventDate "2015.05.19"]

1. e4 c5 2. Nf3 d6 3. d4 cxd4 4. Nxd4 Nf6 5. Nc3 a6 6. Be3 Nbd7 7. g4 h6 8. Rg1
Ne5 9. Be2 g5 10. f3 e6 11. Qd2 Nfd7 12. Nb3 Be7 13. a4 b6 14. Qd4 Qc7 15. O-O-O
Bb7 16. Kb1 Rg8 17. Rgf1 Rc8 18. h4 Nc4 19. Bxc4 Qxc4 20. Qxc4 Rxc4 21. hxg5
hxg5 22. Nd2 Rc8 23. Rh1 Bf6 24. Ne2 d5 25. exd5 Bxd5 26. Bd4 Be7 27. Nc3 Bc6
28. Rhe1 b5 29. axb5 axb5 30. Nce4 b4 31. Nf1 Bd5 32. Nfg3 Kf8 33. Nh5 Rg6 34.
Nhg3 f6 35. Rh1 Kg8 36. Rh3 Rf8 37. Rdh1 Kf7 38. Rh7+ Ke8 39. Re1 Kd8 40. b3
Rgg8 41. Rd1 Ke8 42. Kc1 Rf7 43. Rh6 f5 44. gxf5 exf5 45. Nd2 Kd8 46. Ra6 Bb7
47. Ra5 Rgf8 48. Bf2 Bd6 49. Ne2 Kc8 50. Kb1 Bc7 51. Ra4 Rh8 52. Nd4 g4 53. Ne6
g3 54. Nxc7 gxf2 55. Nb5 Rf6 56. Rf1 Rh2 57. Rxb4 Ne5 58. Kb2 f4 59. Nd4 Ba6 60.
Ra1 Rg2 61. Ne4 Rg1 62. Nxf2 Rg2 63. Ne4 Rh6 64. Nc5 Bd3 65. Ra8+ Kc7 66. Rb7+
Kd6 67. Nxd3 Nxd3+ 68. Kc3 Nc5 69. Rb6+ Kd5 70. Rxh6 1-0

[Event "16th ch-EUR Indiv w 2015"]
[Site "Chakvi GEO"]
[Date "2015.05.29"]
[Round "10.10"]
[White "Charkhalashvili, Inga"]
[Black "Galliamova, Alisa"]
[Result "1/2-1/2"]
[WhiteTitle "WGM"]
[BlackTitle "IM"]
[WhiteElo "2318"]
[BlackElo "2478"]
[WhiteFideId "13601431"]
[BlackFideId "4129725"]
[EventDate "2015.05.19"]

1. d4 d5 2. c4 dxc4 3. e3 e6 4. Bxc4 a6 5. a4 Nf6 6. Nf3 c5 7. Nc3 Nc6 8. O-O
Be7 9. Ne5 Nb4 10. dxc5 Qc7 11. Nd3 Nxd3 12. Bxd3 Qxc5 13. Qc2 O-O 14. b3 Qh5
15. Be2 Qh4 16. Bf3 Ng4 17. h3 Ne5 18. Be2 Bd7 19. f4 Nc6 20. Bf3 Nb4 21. Qe2
Rac8 22. Bb2 Bc6 23. Rad1 Bf6 24. Ne4 Bxb2 25. Qxb2 Nd5 26. Rfe1 Qe7 27. Rd4
Rfd8 28. Nf2 Nb4 29. Rxd8+ Rxd8 30. Bxc6 Nxc6 31. Qc3 Qb4 32. Rc1 Qb6 33. Rd1
Rxd1+ 34. Nxd1 h6 35. Nf2 Na5 36. Ng4 Nxb3 37. Ne5 Nc5 38. Kh2 Qd6 39. Qb4 f6
40. Nc4 Qd5 41. Nb6 Qc6 42. a5 Qb5 43. Qc3 Kh7 44. Nc4 Ne4 45. Qc2 Qc6 46. Qd3
Qd5 47. Qc2 f5 48. Ne5 Qd2 49. Qb3 Nc5 50. Qa3 Qd5 51. Qc3 Nd7 52. Nc4 Qc5 53.
Qb3 Nf6 54. Nb6 Nd5 55. Nxd5 Qxd5 56. Qb6 Qc6 57. Qb3 Qe4 58. Qc3 Qa4 59. Qe5
Qc6 60. g4 Qc2+ 61. Kg3 fxg4 62. hxg4 Qg6 63. Kf3 Qf7 64. Kg3 Qd7 65. Qe4+ Kh8
66. Qe5 Qc6 67. Qd4 Qb5 68. Qc3 Qd5 69. Qc8+ Kh7 70. Qc2+ Kg8 71. Qc8+ Kf7 72.
Qc7+ Kf8 73. Qc8+ Ke7 74. Qg8 Kf6 75. Qf8+ Kg6 76. Qb4 Kh7 77. Qc3 Qe4 78. Qc5
Qd3 79. Qe5 Qb3 80. Qe4+ Kh8 81. Qd4 Qb1 82. Qd8+ Kh7 83. Kf2 Qc2+ 84. Kg3 Qe4
85. Qd2 Qb1 86. Qd8 Qg1+ 87. Kf3 Qf1+ 88. Kg3 Qe1+ 89. Kf3 Qc3 90. Kf2 e5 91. f5
Qc6 92. Qd3 e4 93. Qd4 Qc2+ 94. Kg3 Qc7+ 95. Kh3 Qe7 96. Qd5 Qb4 97. Qe6 Qe1 98.
Qg6+ Kh8 99. Qc6 1/2-1/2

[Event "16th ch-EUR Indiv w 2015"]
[Site "Chakvi GEO"]
[Date "2015.05.29"]
[Round "10.11"]
[White "Arabidze, Meri"]
[Black "Hoang, Thanh Trang"]
[Result "0-1"]
[WhiteTitle "IM"]
[BlackTitle "GM"]
[WhiteElo "2403"]
[BlackElo "2472"]
[WhiteFideId "13604040"]
[BlackFideId "12400149"]
[EventDate "2015.05.19"]

1. d4 e6 2. c4 f5 3. Nf3 Nf6 4. Nc3 Bb4 5. Qb3 Qe7 6. Bg5 b6 7. g3 Bb7 8. Bg2 h6
9. Bxf6 Bxc3+ 10. Qxc3 Qxf6 11. O-O O-O 12. Rfd1 d6 13. e3 Be4 14. Ne1 Nd7 15.
f3 Bb7 16. Nd3 a5 17. Rac1 Rad8 18. Qc2 e5 19. c5 dxc5 20. dxc5 Ba6 21. c6 Bxd3
22. Qb3+ Qf7 23. Qxd3 Nc5 24. Qxd8 Rxd8 25. Rxd8+ Kh7 26. Rcd1 Qxa2 27. Bh3 Qb3
28. Bxf5+ g6 29. Bh3 Qxe3+ 30. Kh1 h5 31. Rf1 Nd3 32. Rd7+ Kh6 33. Rxc7 Nf2+ 34.
Kg2 Nxh3 35. Kxh3 Qe2 36. Rc1 g5 37. Rh7+ Kxh7 38. c7 g4+ 39. fxg4 Qxg4+ 40. Kg2
Qe2+ 41. Kh3 Qg4+ 42. Kg2 Qc8 43. Kf3 Kg6 44. Ke4 Kf6 45. Rc6+ Ke7 46. Kxe5 Kd7
47. Rc3 Qe8+ 48. Kd4 Kc8 49. Kd3 Qb5+ 50. Kc2 Qe2+ 51. Kb3 Qxh2 52. Ka2 a4 53.
Ka3 b5 54. b3 Qd2 55. Rf3 b4+ 56. Kxa4 Qd7+ 57. Kxb4 Qd6+ 0-1

[Event "16th ch-EUR Indiv w 2015"]
[Site "Chakvi GEO"]
[Date "2015.05.29"]
[Round "10.12"]
[White "Kovalevskaya, Ekaterina"]
[Black "Charochkina, Daria"]
[Result "1/2-1/2"]
[WhiteTitle "IM"]
[BlackTitle "WGM"]
[WhiteElo "2450"]
[BlackElo "2391"]
[WhiteFideId "4116704"]
[BlackFideId "4180917"]
[EventDate "2015.05.19"]

1. e4 c6 2. Nc3 d5 3. Nf3 Nf6 4. e5 Ne4 5. Ne2 Qb6 6. d4 e6 7. Nfg1 f6 8. f3 Ng5
9. exf6 gxf6 10. f4 Nf7 11. Nf3 Be7 12. c3 Nd7 13. Ng3 Nf8 14. Bd3 h5 15. Qe2 h4
16. Nf1 Bd7 17. Qf2 O-O-O 18. Nxh4 Nd6 19. Nf3 Ne4 20. Qe2 c5 21. Be3 Qa5 22.
N3d2 e5 23. Bxe4 dxe4 24. dxe5 fxe5 25. fxe5 Ng6 26. Nc4 Qc7 27. O-O-O Be6 28.
Ng3 Rd3 29. Rxd3 exd3 30. Qxd3 Nxe5 31. Nxe5 Qxe5 32. Qe4 Bd6 33. Re1 Rxh2 34.
Qxe5 Bxe5 35. Bxc5 Bf4+ 36. Kb1 Bc4 37. Bg1 Bd3+ 38. Ka1 Rxg2 39. Nh1 Bd2 40.
Rd1 Be2 41. Rb1 Bd3 42. Rd1 Be2 43. Rb1 Bd3 1/2-1/2

[Event "16th ch-EUR Indiv w 2015"]
[Site "Chakvi GEO"]
[Date "2015.05.29"]
[Round "10.13"]
[White "Savina, Anastasia"]
[Black "Lomineishvili, Maia"]
[Result "1-0"]
[WhiteTitle "IM"]
[BlackTitle "IM"]
[WhiteElo "2417"]
[BlackElo "2364"]
[WhiteFideId "4196872"]
[BlackFideId "13600656"]
[EventDate "2015.05.19"]

1. d4 d5 2. Nf3 Bf5 3. c4 e6 4. Nc3 Nf6 5. g3 c6 6. Bg2 Be7 7. Qb3 Qb6 8. c5 Qc7
9. Bf4 Qc8 10. Nd2 Nbd7 11. e4 dxe4 12. Ncxe4 Nxe4 13. Bxe4 Nf6 14. Bxf5 exf5
15. O-O Nd5 16. Rfe1 O-O 17. Nc4 Nxf4 18. Rxe7 Qd8 19. Rae1 Ng6 20. Rxb7 Qxd4
21. Nd6 Qxc5 22. Rxf7 Qd5 23. Qxd5 cxd5 24. Rxf5 Rxf5 25. Nxf5 Kf7 26. f4 Rb8
27. b3 Kf6 28. Nd4 Rb4 29. Nc6 Rb6 30. Rc1 Kf5 31. Kf2 Ke4 32. Rc3 h5 33. Re3+
Kf5 34. Nd4+ Kf6 35. Rc3 Ne7 36. Rc7 a6 37. h3 Ng6 38. Ke3 Nf8 39. g4 hxg4 40.
hxg4 g5 41. f5 Rd6 42. Nc6 d4+ 43. Nxd4 Nd7 44. Rc6 Ke7 45. Rxd6 Kxd6 46. Ne6
Ne5 47. Nxg5 Nxg4+ 48. Kf4 Ne5 49. f6 Nd7 50. Kf5 Nf8 51. f7 Ke7 52. b4 Nd7 53.
Nf3 Kxf7 54. Ne5+ Ke7 55. Nxd7 Kxd7 56. Ke5 a5 57. b5 a4 58. Kd5 Kc7 59. Kc5 a3
60. Kb4 Kb6 61. Ka4 Kc5 62. Ka5 Kc4 63. b6 Kd5 1-0

[Event "16th ch-EUR Indiv w 2015"]
[Site "Chakvi GEO"]
[Date "2015.05.29"]
[Round "10.14"]
[White "Ovod, Evgenija"]
[Black "Khurtsidze, Nino"]
[Result "0-1"]
[WhiteTitle "IM"]
[BlackTitle "IM"]
[WhiteElo "2320"]
[BlackElo "2451"]
[WhiteFideId "4131827"]
[BlackFideId "13600320"]
[EventDate "2015.05.19"]

1. d4 Nf6 2. c4 e6 3. Nc3 Bb4 4. e3 O-O 5. Bd3 d5 6. Nf3 b6 7. O-O Bb7 8. Na4
Nbd7 9. a3 Bd6 10. b4 dxc4 11. Bxc4 a6 12. Be2 e5 13. dxe5 Nxe5 14. Bb2 Qe7 15.
Qd4 Nxf3+ 16. Bxf3 Bxf3 17. gxf3 Rfd8 18. Qh4 Be5 19. Bxe5 Qxe5 20. Qg3 Qe7 21.
Nc3 Rd6 22. Kh1 Rad8 23. Rg1 g6 24. Rac1 Rd3 25. Rc2 c5 26. Qg5 Qe6 27. bxc5
bxc5 28. Ne2 R8d5 29. Qg3 Nh5 30. Qg4 Qc6 31. e4 Re5 32. Nc3 Qf6 33. Nd5 Qxf3+
34. Qxf3 Rxf3 35. Kg2 Rxa3 36. f3 Rg5+ 37. Kf2 Rxg1 38. Kxg1 Rxf3 39. Rxc5 Kg7
40. Ra5 Rd3 41. e5 Rd1+ 42. Kf2 Rd2+ 43. Ke3 Rxh2 44. Rxa6 Rh3+ 45. Ke4 Ng3+ 46.
Kf4 Ne2+ 47. Ke4 Nc3+ 48. Nxc3 Rxc3 49. e6 f5+ 50. Kd4 Rc1 51. Ke5 Re1+ 52. Kd6
Kf6 53. Kd7 h5 54. Rd6 h4 55. e7+ Kf7 56. Kd8 Rxe7 0-1

[Event "16th ch-EUR Indiv w 2015"]
[Site "Chakvi GEO"]
[Date "2015.05.29"]
[Round "10.15"]
[White "Sedina, Elena"]
[Black "Ziaziulkina, Nastassia"]
[Result "1/2-1/2"]
[WhiteTitle "IM"]
[BlackTitle "IM"]
[WhiteElo "2312"]
[BlackElo "2423"]
[WhiteFideId "812153"]
[BlackFideId "13505211"]
[EventDate "2015.05.19"]

1. e4 c6 2. d4 d5 3. exd5 cxd5 4. c4 Nf6 5. Nc3 Nc6 6. Bf4 g6 7. c5 Bg7 8. Bb5
O-O 9. Nge2 Ne4 10. O-O Nxc3 11. bxc3 e5 12. Be3 Qa5 13. Qa4 Qxa4 14. Bxa4 Bg4
15. f3 Bf5 16. Bxc6 bxc6 17. dxe5 Bd3 18. Rfe1 Bxe2 19. Rxe2 Bxe5 20. Bd4 Bxd4+
21. cxd4 Rfb8 22. Rd1 Kf8 23. Rd3 Rb4 24. Red2 a5 25. Rb3 Rab8 26. Rxb4 Rxb4 27.
Kf2 Ke7 28. Ke3 Kd7 29. h4 Ke6 30. g4 h6 31. Kf4 f6 32. Re2+ Kf7 33. Rd2 Ke6 34.
Re2+ Kf7 35. Rd2 Ke6 1/2-1/2

[Event "16th ch-EUR Indiv w 2015"]
[Site "Chakvi GEO"]
[Date "2015.05.29"]
[Round "10.16"]
[White "Abdulla, Khayala"]
[Black "Szczepkowska-Horowska, Karina"]
[Result "1-0"]
[WhiteTitle "WIM"]
[BlackTitle "WGM"]
[WhiteElo "2266"]
[BlackElo "2412"]
[WhiteFideId "13401807"]
[BlackFideId "1122681"]
[EventDate "2015.05.19"]

1. e4 e5 2. Nf3 Nc6 3. Bb5 a6 4. Ba4 Nge7 5. c3 g6 6. d4 exd4 7. cxd4 b5 8. Bc2
Bg7 9. O-O d6 10. d5 Na5 11. Nc3 O-O 12. Nd4 Bd7 13. a3 Re8 14. Rb1 Rb8 15. b4
Nc4 16. a4 c5 17. dxc6 Nxc6 18. Nxc6 Bxc6 19. Nd5 Nb6 20. axb5 Bxb5 21. Re1 Nxd5
22. Qxd5 Qd7 23. Bf4 Rbc8 24. Bd3 Be5 25. Bxb5 Qxb5 26. Bxe5 dxe5 27. Qxb5 axb5
28. Rbc1 Rxc1 29. Rxc1 Rd8 30. f3 Rd4 31. Rc5 Rxb4 32. Rxe5 Rb2 33. h4 Kg7 34.
Kh2 h5 35. Kg3 Kf6 36. Rd5 b4 37. Rb5 Ke6 38. Kf4 b3 39. Rb7 Rb1 40. Rb6+ Ke7
41. Ke5 Rh1 42. Rb7+ Ke8 43. Rxb3 Rxh4 44. Kf6 Rh2 45. Rb8+ Kd7 46. Rb7+ Kc6 47.
Rxf7 Rxg2 48. e5 h4 49. e6 h3 50. e7 Re2 51. Rf8 h2 52. Rh8 Kd7 53. Rd8+ Kc7 54.
Rd1 Re3 55. f4 Re4 56. f5 g5 57. Rh1 Kd7 58. Rd1+ Kc7 59. Rh1 Kd7 60. Rxh2 Rxe7
61. Kxg5 Re1 62. Kf6 Re3 63. Ra2 Rb3 64. Kf7 Kd6 65. f6 Rg3 66. Re2 Rg1 67. Kf8
Kd7 68. f7 1-0

[Event "16th ch-EUR Indiv w 2015"]
[Site "Chakvi GEO"]
[Date "2015.05.29"]
[Round "10.18"]
[White "Atalik, Ekaterina"]
[Black "Mammadova, Narmin"]
[Result "1-0"]
[WhiteTitle "IM"]
[BlackTitle "WCM"]
[WhiteElo "2392"]
[BlackElo "2117"]
[WhiteFideId "4130189"]
[BlackFideId "13403710"]
[EventDate "2015.05.19"]

1. d4 d5 2. c4 c6 3. Nf3 Nf6 4. Nc3 e6 5. Bg5 Nbd7 6. e3 Qa5 7. Nd2 Bb4 8. Qc2
O-O 9. Be2 dxc4 10. Bxf6 Nxf6 11. Nxc4 Qg5 12. O-O Nd5 13. a3 Bxc3 14. bxc3 b5
15. Ne5 f6 16. Nf3 Qh6 17. c4 bxc4 18. Bxc4 Bd7 19. Nd2 Kh8 20. Nb3 Rae8 21. Nc5
Bc8 22. Ne4 Rd8 23. Rfd1 Qg6 24. Bd3 f5 25. Nd2 Qh5 26. Nf3 Rf6 27. Rab1 Bd7 28.
Ne5 Be8 29. Be2 Qg5 30. Bf3 f4 31. e4 Nb6 32. Qc5 h6 33. Qe7 Ra8 34. Rbc1 Bh5
35. Bxh5 Qxh5 36. f3 Qe8 37. Qxe8+ Rxe8 38. Rxc6 Re7 39. d5 exd5 40. Rxf6 Rxe5
41. Rxf4 dxe4 42. Rxe4 Ra5 43. Rd3 Na4 44. h4 Nb6 45. g4 h5 46. g5 Kh7 47. Kf2
Rb5 48. Rd6 Rb2+ 49. Kg3 Rb3 50. g6+ 1-0

[Event "16th ch-EUR Indiv w 2015"]
[Site "Chakvi GEO"]
[Date "2015.05.29"]
[Round "10.19"]
[White "Matveeva, Svetlana"]
[Black "Galojan, Lilit"]
[Result "1/2-1/2"]
[WhiteTitle "IM"]
[BlackTitle "IM"]
[WhiteElo "2380"]
[BlackElo "2275"]
[WhiteFideId "4119827"]
[BlackFideId "13301314"]
[EventDate "2015.05.19"]

1. d4 Nf6 2. c4 e6 3. Nc3 Bb4 4. e3 O-O 5. Ne2 Re8 6. a3 Bf8 7. g3 d5 8. Bg2 c6
9. b3 b6 10. e4 dxe4 11. Bb2 Bb7 12. Nxe4 Nxe4 13. Bxe4 Nd7 14. O-O Rb8 15. Nf4
Nf6 16. Bg2 c5 17. Bxb7 Rxb7 18. Qf3 Rd7 19. dxc5 Bxc5 20. Rad1 e5 21. Nd5 Nxd5
22. Rxd5 Rxd5 23. cxd5 a5 24. Rc1 Qd7 25. Qe4 f5 26. Qc4 Qd6 27. b4 axb4 28.
axb4 Bxb4 29. Qb5 Rd8 30. Bxe5 Qxe5 31. Qxb4 Qxd5 32. Qxb6 Re8 33. Qb4 h6 34.
Re1 Rxe1+ 35. Qxe1 Kf7 36. h4 h5 37. Qe3 g6 38. Qa7+ Kf6 39. Qb6+ Kf7 40. Qa7+
Kf6 1/2-1/2

[Event "16th ch-EUR Indiv w 2015"]
[Site "Chakvi GEO"]
[Date "2015.05.29"]
[Round "10.20"]
[White "Guramishvili, Sopiko"]
[Black "Mamedjarova, Zeinab"]
[Result "1-0"]
[WhiteTitle "IM"]
[BlackTitle "WGM"]
[WhiteElo "2370"]
[BlackElo "2235"]
[WhiteFideId "13602888"]
[BlackFideId "13401521"]
[EventDate "2015.05.19"]

1. Nf3 d5 2. g3 c5 3. Bg2 Nf6 4. O-O e6 5. d4 cxd4 6. Nxd4 Be7 7. c4 O-O 8. cxd5
Nxd5 9. e4 Nb4 10. Nc3 N8c6 11. Nxc6 bxc6 12. Qa4 Qb6 13. Be3 Qa6 14. Rfc1 Nd3
15. Rc2 Bf6 16. Bf1 Rb8 17. Bxd3 Qxd3 18. Rd1 Qa6 19. Qxa6 Bxa6 20. Bxa7 Rbd8
21. Rcd2 Rxd2 22. Rxd2 Bc4 23. a4 h5 24. Bb6 Ra8 25. a5 h4 26. Rd7 Ba6 27. f4
hxg3 28. hxg3 e5 29. f5 Bg5 30. Kf2 Kf8 31. Na4 Ke8 32. Rd1 Be7 33. Nc5 Bb5 34.
b4 Bxc5+ 35. Bxc5 Rd8 36. Rxd8+ Kxd8 37. Bf8 g6 38. fxg6 fxg6 39. Bg7 Kd7 40.
Bxe5 Ke6 41. Bf4 c5 42. bxc5 Bc6 43. Ke3 Bb7 44. Bb8 Kf6 45. Bc7 Ke6 46. Kf4 Kf6
47. e5+ Kf7 48. Kg5 Bd5 49. a6 Be4 50. a7 Ke6 51. Bd6 Kf7 52. Kf4 Bc6 53. Ke3
Ke6 54. Kd4 Kd7 55. Kc4 Kc8 56. e6 1-0

[Event "16th ch-EUR Indiv w 2015"]
[Site "Chakvi GEO"]
[Date "2015.05.29"]
[Round "10.21"]
[White "Kazimova, Narmin"]
[Black "Zimina, Olga"]
[Result "1/2-1/2"]
[WhiteTitle "WGM"]
[BlackTitle "IM"]
[WhiteElo "2259"]
[BlackElo "2339"]
[WhiteFideId "13402951"]
[BlackFideId "4132190"]
[EventDate "2015.05.19"]

1. d4 d5 2. c4 c6 3. Nc3 Nf6 4. e3 e6 5. Nf3 Nbd7 6. Bd3 dxc4 7. Bxc4 b5 8. Bd3
Bd6 9. O-O O-O 10. Bd2 Bb7 11. a3 a5 12. Ne4 Nxe4 13. Bxe4 f5 14. Bb1 c5 15. Ba2
c4 16. a4 Bd5 17. axb5 a4 18. Qe2 Nb6 19. Bb1 Be4 20. Bc3 Bxb1 21. Rfxb1 Qd7 22.
e4 Qxb5 23. Ng5 Qe8 24. e5 Bc7 25. Bb4 Qc6 26. Bxf8 Rxf8 27. Rc1 h6 28. Nf3 Rd8
29. Rc2 Rd5 30. Rac1 Bd8 31. h4 Qd7 32. g3 Be7 33. Nd2 Rxd4 34. Nxc4 Nd5 35. Ne3
Nxe3 36. Qxe3 Bd8 37. Rc8 Kh7 38. Qf3 Rd2 39. R8c6 Rxb2 40. Qc3 Rd2 41. Rxe6 a3
42. Rd6 Rxd6 43. exd6 Qxd6 44. Qf3 Qf8 45. Rc8 a2 46. Ra8 Qf7 47. Qa3 Bf6 48.
Qxa2 Qxa2 49. Rxa2 f4 50. h5 fxg3 51. fxg3 Be5 52. Kg2 Bd4 53. Rd2 Bc3 54. Rd7
Bb2 55. Kf3 Bf6 56. Ke4 Bb2 57. Rb7 Bc3 58. Rc7 Bb2 59. Kf5 Bd4 60. g4 Bf6 61.
Ke6 Bd4 62. Kf7 Be5 63. Rc6 Bd4 64. Rg6 Bc3 65. Rc6 Bd4 66. Ke6 Bf6 67. Kd5 Bb2
68. Rc2 Bf6 69. Rf2 Bc3 70. Rf1 Bb2 71. Kc4 Be5 72. Kd3 Bb2 73. Rf5 Ba1 74. Rb5
Bf6 75. Ra5 Bb2 76. Ra6 Be5 77. Ke4 Bc3 78. Kf5 Bd4 79. Ke6 Bc3 80. Kf7 Bd4 81.
Rg6 Bc3 82. g5 hxg5 83. Rxg5 Bd4 84. Rd5 Bb2 85. Rd8 Bf6 1/2-1/2

[Event "16th ch-EUR Indiv w 2015"]
[Site "Chakvi GEO"]
[Date "2015.05.29"]
[Round "10.22"]
[White "Ibrahimova, Sabina"]
[Black "Arakhamia-Grant, Ketevan"]
[Result "1/2-1/2"]
[WhiteTitle "WIM"]
[BlackTitle "GM"]
[WhiteElo "2272"]
[BlackElo "2393"]
[WhiteFideId "13403893"]
[BlackFideId "13600168"]
[EventDate "2015.05.19"]

1. e4 c5 2. Nf3 e6 3. d4 cxd4 4. Nxd4 Nc6 5. Nc3 Qc7 6. g3 a6 7. Bg2 Nf6 8. O-O
h5 9. Bg5 Ng4 10. Nb3 f6 11. Bf4 Nge5 12. Qe2 Bd6 13. Rad1 g5 14. Be3 b5 15. f4
gxf4 16. gxf4 Nc4 17. e5 fxe5 18. f5 Bb7 19. fxe6 dxe6 20. Bg5 Ne7 21. Ne4 O-O-O
22. Nxd6+ Rxd6 23. Rxd6 Qxd6 24. Bxb7+ Kxb7 25. Rf7 Rg8 26. h4 Kb8 27. Kh2 Nc6
28. Qe4 Rc8 29. a4 Qd5 30. Qxd5 exd5 31. Nc5 Nb4 32. Nd7+ Ka8 33. c3 Nd3 34. b3
Nd6 35. Nb6+ Kb8 36. Rd7 Rc6 37. Nxd5 bxa4 38. bxa4 Nc5 39. Rd8+ Nc8 40. Ne7 Rc7
41. Bf6 Kb7 42. Nxc8 Rxc8 43. Rxc8 Kxc8 44. Bxe5 Nxa4 45. Kg3 Nb2 46. Kf4 Nc4
47. Kf5 a5 48. Bf4 a4 49. Bc1 a3 50. Bxa3 Nxa3 51. Kg5 Nb5 52. Kxh5 Nxc3 53. Kg6
Nd5 54. h5 Nf4+ 55. Kg5 Nxh5 56. Kxh5 1/2-1/2

[Event "16th ch-EUR Indiv w 2015"]
[Site "Chakvi GEO"]
[Date "2015.05.29"]
[Round "10.23"]
[White "Stetsko, Lanita"]
[Black "Schleining, Zoya"]
[Result "1-0"]
[WhiteTitle "FM"]
[BlackTitle "WGM"]
[WhiteElo "2286"]
[BlackElo "2375"]
[WhiteFideId "13505300"]
[BlackFideId "4671660"]
[EventDate "2015.05.19"]

1. e4 c5 2. Nf3 e6 3. d4 cxd4 4. Nxd4 Nc6 5. Nc3 Qc7 6. f4 a6 7. Nxc6 bxc6 8.
Bd3 d5 9. O-O Nf6 10. Qf3 Be7 11. Kh1 Bb7 12. Bd2 c5 13. e5 Nd7 14. Qg3 g6 15.
b3 h5 16. h3 h4 17. Qg4 Nf8 18. Qe2 Nd7 19. Rae1 Qc6 20. Nd1 Nb6 21. Nb2 Kf8 22.
c4 d4 23. Qg4 a5 24. a4 Nd7 25. Bc2 Qb6 26. Nd3 Rd8 27. Nf2 Nb8 28. Bd3 Nc6 29.
Qd1 Nb4 30. Bxb4 Qxb4 31. Qc2 Kg7 32. Ng4 Qc3 33. Qe2 Bc6 34. Rb1 Rd7 35. Nf6
Rb7 36. Rfc1 Qb4 37. Rf1 Qb6 38. Qg4 Qd8 39. f5 exf5 40. Rxf5 Kf8 41. Rf2 Qb8
42. Nd7+ Bxd7 43. Rxf7+ Ke8 44. Qxg6 Kd8 45. Rxe7 Re8 46. Rxe8+ Bxe8 47. Qg5+
Re7 48. e6 Qb4 49. Rf1 Qb6 50. Qd5+ Kc7 51. Rf6 Qd6 52. Qa8 Qe5 53. Qa7+ Kd8 54.
Qxa5+ Rc7 55. Rf5 Qxe6 56. Rd5+ Bd7 57. Bf5 Qxf5 58. Rxf5 Bxf5 59. Qa8+ Ke7 60.
Qd5 Be6 61. Qg5+ Kd6 62. Qxh4 Rd7 63. Qe4 Ke7 64. Qd3 Rd6 65. g4 Bf7 66. h4 Bg6
67. Qd2 d3 68. h5 Be4+ 69. Kh2 Re6 70. Kg3 Bh7 71. g5 Re2 72. Qxe2+ dxe2 73. Kf2
Bc2 74. a5 Bxb3 75. a6 Bxc4 76. a7 Bd5 77. Kxe2 Ke6 78. h6 Kf7 79. h7 Kg7 80. g6
Be4 81. Kd2 Kh8 82. Kc3 Bd5 83. Kd3 Kg7 84. Kc3 Kh8 85. Kb2 Kg7 86. Ka3 Kh8 87.
Ka4 Bc6+ 88. Ka5 Bd5 89. Kb5 c4 90. Kc5 Ba8 91. Kxc4 Kg7 92. Kc5 Be4 93. Kd6 Bf3
94. Ke7 Bd5 95. h8=Q+ Kxh8 96. Kf8 1-0

[Event "16th ch-EUR Indiv w 2015"]
[Site "Chakvi GEO"]
[Date "2015.05.29"]
[Round "10.24"]
[White "Vojinovic, Jovana"]
[Black "Mammadzada, Gunay"]
[Result "1-0"]
[WhiteTitle "WGM"]
[BlackTitle "WGM"]
[WhiteElo "2262"]
[BlackElo "2336"]
[WhiteFideId "937266"]
[BlackFideId "13403729"]
[EventDate "2015.05.19"]

1. c4 c5 2. Nf3 b6 3. e4 Bb7 4. Nc3 Nc6 5. d4 cxd4 6. Nxd4 e6 7. Nxc6 dxc6 8.
Be3 Qc7 9. c5 Bxc5 10. Bxc5 bxc5 11. Qg4 g6 12. Qg5 Rd8 13. Qxc5 Qf4 14. Be2
Qd2+ 15. Kf1 Qd4 16. Qa3 Qb6 17. Na4 Qa5 18. b4 Qe5 19. Rc1 Nf6 20. Nc5 Ba8 21.
f3 O-O 22. Qc3 Qf4 23. g3 Qd2 24. Rc2 Qxc3 25. Rxc3 Nd7 26. Nb3 Nb6 27. Kf2 e5
28. Rhc1 f5 29. Ke3 Rd6 30. Rc5 Re8 31. Ra5 Re7 32. Rcc5 Rde6 33. Nd2 Kg7 34.
Ra3 Kf6 35. Rca5 Rd6 36. f4 exf4+ 37. gxf4 fxe4 38. Nxe4+ Rxe4+ 39. Kxe4 c5+ 40.
Ke3 cxb4 41. Rb3 Nd5+ 42. Kf2 Nxf4 43. Rxa7 Bc6 44. Rxb4 g5 45. Rb2 h5 46. Ra6
Ke5 47. Rc2 Bd5 48. Rxd6 Kxd6 49. a4 g4 50. a5 Nxe2 51. Kxe2 h4 52. Kf2 Bb7 53.
Rc4 g3+ 54. hxg3 hxg3+ 55. Kxg3 Kd7 56. Rc3 Ba6 57. Kf4 Bb7 58. Ke3 Ba6 59. Kd2
Bb5 60. Kc1 Ba6 61. Kb2 Bb7 62. Ka3 Bc8 63. Kb4 Ba6 64. Rc2 Kd6 65. Rc1 Kd7 66.
Kc5 Kc7 67. Rg1 1-0

[Event "16th ch-EUR Indiv w 2015"]
[Site "Chakvi GEO"]
[Date "2015.05.29"]
[Round "10.25"]
[White "Imnadze, Nato"]
[Black "Fataliyeva, Ulviyya"]
[Result "0-1"]
[WhiteTitle "WIM"]
[BlackTitle "WIM"]
[WhiteElo "2196"]
[BlackElo "2331"]
[WhiteFideId "13600974"]
[BlackFideId "13403052"]
[EventDate "2015.05.19"]

1. e4 e6 2. d4 d5 3. Nd2 Be7 4. Ngf3 Nf6 5. Bd3 c5 6. c3 Nc6 7. O-O a5 8. dxc5
Bxc5 9. e5 Nd7 10. Nb3 Be7 11. Re1 a4 12. Nbd4 Nc5 13. Bc2 O-O 14. Nxc6 bxc6 15.
Nd4 Qc7 16. Re3 g6 17. Rh3 f5 18. Nf3 Ne4 19. Bh6 Rf7 20. Bxe4 fxe4 21. Ng5 Bxg5
22. Bxg5 Qxe5 23. Rg3 Qb8 24. Qd2 e5 25. h4 h5 26. Be3 Bf5 27. Bc5 Kh7 28. Rd1
Ra5 29. Ba3 Qd8 30. Bb4 Ra8 31. Rg5 Qb6 32. Ba3 Re8 33. Qe3 Qa6 34. Rd2 Re6 35.
Qc5 Qa7 36. Qxa7 Rxa7 37. Bc5 Rb7 38. Kf1 Re8 39. Bd6 Rd7 40. Bc5 Rb8 41. Rg3
Rb5 42. Ba3 d4 43. Rg5 c5 44. Ke1 Kg7 45. Kd1 Kf6 46. Kc1 Rdb7 47. Rg3 Ke6 48.
Kd1 Bg4+ 49. Kc1 Rf7 50. c4 Ra5 51. b4 axb3 52. Rxb3 Rfa7 53. Kb2 Kf5 54. f3 e3
55. fxg4+ Ke4 56. Rc2 Rxa3 57. Rxa3 Rxa3 58. Kxa3 d3 59. Kb2 e2 60. Rc1 d2 0-1